States with the Most Freddy's Locations Quiz - Statistics

General Stats
  • This quiz has been taken 26 times
  • The average score is 6 of 10
Answer Stats
Locations State % Correct
90 Texas
90%
35 Missouri
67%
38 Kansas
62%
26 Oklahoma
62%
20 Tennessee
57%
21 Illinois
52%
21 Georgia
48%
21 Ohio
43%
31 Arizona
38%
36 Colorado
38%
No matching quizzes found
Score Distribution
Percent of People with Each Score
Percentile by Number Answered
Your Score History
You have not taken this quiz